000 00658nam a22002177a 4500
005 20170124105949.0
010 _a875129
020 _c00.00
_a0370300629
035 _a875129
037 _bCen Lib/Ret
040 _aDPL
_bEN
082 _a270
_bEAT
100 _aEaton, Gai
_913157
245 _aKing of the castle :
_cby Gai Eaton
_bchoice and responsibility in the modern world /
260 _aLondon
_bThe Bodley Head
_c1977
270 _a9 Bow Street
_bLondon
_eWC2E7AL
300 _a219p.
_c21cm(Hb)
650 _aCivilization -- Philosophy.
_913158
650 _a Religion -- Philosophy.
_988970
942 _2ddc
_cEN
_h270
_mEAT
999 _c125145
_d125145